| 000 | 00494cam a2200181ua 4500 | ||
|---|---|---|---|
| 020 | _c2.00 | ||
| 041 |
_aeng _h |
||
| 082 |
_a535.5 _bWOO/CR |
||
| 100 | _aWood, Elizabeth A. | ||
| 245 |
_aCrystals and light: AN introduction to optical crystallography / _cElizabeth A Wood. _hTextual Documents |
||
| 250 |
_a1 / _b. |
||
| 260 |
_aNew Delhi : _bAffiliated East West Press Pvt Ltd , _c1966. |
||
| 300 | _a160 ; . | ||
| 365 | _a2.00 | ||
| 504 | _a | ||
| 942 | _cBK | ||
| 999 |
_c7529 _d7529 |
||